000 00993naa a2200277 c 4500
001 47704
003 ES-MaCES
005 20160525103943.0
008 160525s2016 ne ||||| t||||||| ||eng d
040 _aES-MaCES
_bspa
_cES-MaCES
_dES-MaCES
100 1 _936928
_aDíaz, Antonia
245 1 0 _aCapital goods, measured TFP and growth
_b: the case of Spain
_cAntonia Díaz, Luis Franjo
500 _aResumen
504 _aBibliografía: p. 39
650 4 _927094
_acrecimiento económico
650 4 _928259
_aproductividad
650 4 _929369
_aproducto interior bruto
650 4 _928141
_ainversión
650 4 _927069
_aeconometría
650 4 _927070
_aanálisis económico
650 4 _926964
_aEspaña
653 1 0 _aEconomía
773 0 _984450
_dAmsterdam (P.O. Box 211, 1000 AE) Elsevier Science
_o087352
_tEuropean economic review
_w(ES-MaCES)25173
_gvol. 83 (Apr. 2016) {10156 R. 087352} ;p. 19-39
902 _aART Artículo de revista
942 _2CES
_cAR
_h0.0.
999 _c47704
_d47704